| 000 | 01039cam a2200313 a 4500 | ||
|---|---|---|---|
| 001 | 4385 | ||
| 005 | 20241122085939.0 | ||
| 020 | _a9780545365659 | ||
| 040 |
_aDLC _cDLC _dDLC _beng |
||
| 050 | 0 | 0 | _aPZ7.U6378 |
| 082 | 0 | 0 | _a310 |
| 100 | 1 | _aUrbanovic, Jackie | |
| 245 | 1 | 0 |
_aDuck and cover / _cJackie Urbanovic |
| 250 | _aFirst Scholastic printing , May 2011 | ||
| 260 |
_aNew York : _bScholastic ; _c2009 . |
||
| 300 |
_a32 unnumbered pages : _bcolor illustrations ; _c22 cm . |
||
| 490 | _aMax the Duck | ||
| 505 | _aJ | ||
| 520 | _aIrene and her menagerie of pets, including Max the duck, take in an alligator who has run away from the zoo, in spite of grave concerns about his voracious appetite. | ||
| 521 | 1 |
_a500
_bLexile AD |
|
| 521 | 1 |
_aJ
_bRaz-Plus |
|
| 650 | 1 |
_aDucks _vFiction. |
|
| 650 | 1 |
_aAlligators _vFiction. |
|
| 650 | 1 |
_aAnimals _vFiction. |
|
| 650 | 1 |
_aPets _vFiction. |
|
| 700 | 1 |
_aUrbanovic, Jackie _eillustrator |
|
| 906 |
_a7 _bcbc _corignew _d1 _eecip _f20 _gy-gencatlg |
||
| 942 |
_2ddc _cBK _n0 |
||
| 999 |
_c4385 _d4385 |
||